Statistiques concernant Toutes les communes d'Aveyron sur une carte

Cliquez ici pour prendre le quiz!

Statistiques générales

  • Ce quiz a été pris 279 fois
  • Le résultat moyen est 57 sur 285

Réponses sur la Carte

Les réponses sont colorées sur une échelle allant du rouge au vert en fonction du pourcentage des utilisateurs qui les ont devinées à leur premier essai. Vous pouvez retrouver ces pourcentages ci-dessous.
 

Statistiques - réponses

PopulationCommunes% Correct
24 397Rodez
98%
21 482Millau
92%
684Villefranche-de-Panat
79%
11 681Villefranche-de-Rouergue
79%
11 797Onet-le-Château
71%
8 018Saint-Affrique
70%
5 196Decazeville
62%
2 153Laissac-Sévérac l'Église
58%
4 079Sévérac d'Aveyron
55%
200Bor-et-Bar
53%
4 643Espalion
51%
3 158Baraqueville
50%
1 586Conques-en-Rouergue
50%
1 230Laguiole
50%
281Saint-Jean-et-Saint-Paul
50%
244Saint-Jean-d'Alcapiès
49%
393Saint-Jean-Delnous
49%
717Saint-Jean-du-Bruel
49%
5 962Luc-la-Primaube
45%
4 400Capdenac-Gare
43%
2 951Bozouls
40%
2 023Naucelle
39%
3 640Aubin
38%
177La Roque-Sainte-Marguerite
38%
1 724Marcillac-Vallon
38%
3 471Olemps
37%
2 286Salles-la-Source
37%
3 330Sébazac-Concourès
37%
476Estaing
36%
3 196Druelle Balsac
35%
1 606Saint-Georges-de-Luzençon
35%
2 188La Cavalerie
34%
1 576Le Bas Ségala
34%
696Mur-de-Barrez
34%
701Najac
34%
1 978Réquista
34%
153Saint-Laurent-de-Lévézou
34%
648Saint-Laurent-d'Olt
34%
1 632Pont-de-Salars
33%
2 006Rignac
33%
191La Couvertoirade
32%
992Nant
32%
981Entraygues-sur-Truyère
31%
2 306Le Monastère
31%
1 940Rieupeyroux
31%
555Roquefort-sur-Soulzon
31%
2 217Saint Geniez d'Olt et d'Aubrac
31%
957Saint-Rome-de-Cernon
31%
889Saint-Rome-de-Tarn
31%
1 976Villeneuve
31%
1 171Saint-Christophe-Vallon
30%
1 426Saint-Côme-d'Olt
30%
324Saint-Martin-de-Lenne
30%
1 086Agen-d'Aveyron
28%
2 363Firmi
28%
887Aguessac
27%
2 365Flavin
27%
1 417Montbazens
27%
455Saint-André-de-Najac
27%
133Saint-André-de-Vézines
27%
518Saint-Chély-d'Aubrac
27%
1 759Sainte-Radegonde
27%
193Belcastel
26%
1 602Argences en Aubrac
25%
1 558Creissels
25%
299Sainte-Eulalie-de-Cernon
25%
377Sainte-Eulalie-d'Olt
25%
1 025Camarès
24%
936Cassagnes-Bégonhès
24%
1 472Cransac
24%
989La Salvetat-Peyralès
24%
607Saint-Sernin-sur-Rance
24%
1 005Salles-Curan
24%
1 076Moyrazès
23%
713Sauveterre-de-Rouergue
23%
547Ségur
23%
918Anglars-Saint-Félix
22%
2 184Calmont
22%
447Canet-de-Salars
22%
1 227Viviez
22%
764Arvieu
21%
293Curan
21%
348Prades-d'Aubrac
21%
319Prades-Salars
21%
1 060Bertholène
20%
514Cornus
20%
726Lanuéjouls
20%
1 717Montrozier
20%
1 029Rivière-sur-Tarn
20%
624Saint-Beauzély
20%
354Saint-Félix-de-Lunel
20%
187Saint-Félix-de-Sorgues
20%
35Tauriac-de-Camarès
20%
359Tauriac-de-Naucelle
20%
970Belmont-sur-Rance
19%
520Boisse-Penchot
19%
113La Bastide-Pradines
19%
1 123Livinhac-le-Haut
19%
425Saint-Léons
19%
762Salmiech
19%
1 595Valady
19%
649Vézins-de-Lévézou
19%
345Alrance
18%
165Brousse-le-Château
18%
570Castelnau-de-Mandailles
18%
348Castelnau-Pégayrols
18%
872Colombiès
18%
1 081Flagnac
18%
549Gabriac
18%
318Gaillac-d'Aveyron
18%
488Goutrens
18%
104La Bastide-Solages
18%
337La Capelle-Balaguier
18%
1 518La Loubière
18%
308L'Hospitalet-du-Larzac
18%
633Montlaur
18%
1 219Vabres-l'Abbaye
18%
417Villecomtal
18%
441Almont-les-Junies
17%
609Broquiès
17%
450Campagnac
17%
523Durenque
17%
1 108La Fouillade
17%
588Nauviale
17%
306Saint-Rémy
17%
1 146Clairvaux-d'Aveyron
16%
344Le Truel
16%
362Muret-le-Château
16%
73Peyreleau
16%
852Quins
16%
1 071Rodelle
16%
378Verrières
16%
346Bournazel
15%
201Calmels-et-le-Viala
15%
457Campuac
15%
228Comprégnac
15%
628Comps-la-Grand-Ville
15%
363Coupiac
15%
238Fayet
15%
334Fondamente
15%
347La Capelle-Bleys
15%
83La Capelle-Bonance
15%
323La Cresse
15%
525Lacroix-Barrez
15%
124Lapanouse-de-Cernon
15%
510Le Vibal
15%
439Lunac
15%
841Manhac
15%
426Montjaux
15%
1 028Palmas d'Aveyron
15%
749Saint-Amans-des-Cots
15%
624Sainte-Juliette-sur-Viaur
15%
308Saint-Izaire
15%
204Saint-Just-sur-Viaur
15%
529Sébrazac
15%
114Sylvanès
15%
391Thérondels
15%
745Toulonjac
15%
424Tournemire
15%
476Trémouilles
15%
416Versols-et-Lapeyre
15%
755Asprières
14%
817Auzits
14%
598Boussac
14%
261Brusque
14%
626La Selve
14%
180Les Costes-Gozon
14%
320Mostuéjouls
14%
530Saint-Santin
14%
322Saint-Victor-et-Melvieu
14%
424Sénergues
14%
97Viala-du-Pas-de-Jaux
14%
528Viala-du-Tarn
14%
36Arnac-sur-Dourdou
13%
376Bouillac
13%
637Brommat
13%
380Camboulazet
13%
310Cantoin
13%
518Compeyre
13%
488Coubisou
13%
517Gramond
13%
342Les Albres
13%
448Lestrade-et-Thouels
13%
219Martrin
13%
62Mélagues
13%
371Paulhe
13%
210Peyrusse-le-Roc
13%
354Pradinas
13%
631Roussennac
13%
169Sauclières
13%
158Arques
12%
218Ayssènes
12%
173Brasc
12%
574Camjac
12%
797Causse-et-Diège
12%
464Centrès
12%
337Compolibat
12%
292Condom-d'Aubrac
12%
458Drulhe
12%
374Galgan
12%
340Golinhac
12%
277Laval-Roquecezière
12%
528Le Nayrac
12%
975Martiel
12%
549Mouret
12%
85Peux-et-Couffouleux
12%
284Pierrefiche
12%
282Pruines
12%
229Auriac-Lagast
11%
180Balaguier-d'Olt
11%
88Balaguier-sur-Rance
11%
315Crespin
11%
242Escandolières
11%
250Espeyrac
11%
98Gissac
11%
261Huparlac
11%
315Lassouts
11%
75Le Clapier
11%
638Lédergues
11%
181Le Fel
11%
351Lugan
11%
138Marnhagues-et-Latour
11%
629Mayran
11%
122Meljac
11%
218Montézic
11%
186Mounes-Prohencoux
11%
373Naussac
11%
219Plaisance
11%
212Pousthomy
11%
288Prévinquières
11%
324Privezac
11%
346Rullac-Saint-Cirq
11%
744Sainte-Croix
11%
424Saint-Hippolyte
11%
294Saint-Juéry
11%
401Saint-Parthem
11%
297Saint-Saturnin-de-Lenne
11%
210Saint-Symphorien-de-Thénières
11%
439Salles-Courbatiès
11%
298Soulages-Bonneval
11%
206Valzergues
11%
490Vaureilles
11%
136Veyreau
11%
251Vimenet
11%
209Bessuéjouls
10%
516Castanet
10%
104Connac
10%
223Curières
10%
274Le Cayrol
10%
936Maleville
10%
141Montagnol
10%
189Ols-et-Rinhodes
10%
270Rebourguil
10%
87Saint-Beaulize
10%
189Saint-Sever-du-Moustier
10%
367Salvagnac-Cajarc
10%
752Savignac
10%
519Sonnac
10%
268Cabanès
9%
105Cassuéjouls
9%
283Florentin-la-Capelle
9%
487Foissac
9%
150Montclar
9%
481Monteils
9%
128Montfranc
9%
528Montpeyroux
9%
326Montsalès
9%
211Murasson
9%
113Murols
9%
120Pomayrols
9%
523Taussac
9%
177Ambeyrac
8%
341Campouriez
8%
113Castelmary
8%
261Combret
8%
126La Serre
8%
556Morlhon-le-Haut
8%
178Saint-Igest
8%
643Sanvensa
8%
185Tayrac
8%
636Vailhourles
8%
295Brandonnet
7%
770La Rouquette
7%
219Lescure-Jaoul
7%
124Saujac
7%

Distribution des résultats

Percentile par nombre de réponses

% des personnes avec chaque résultat

Votre développement - résultats

Vous n’avez pas pris ce quiz